Missing Word: Billboard Hot 100 (2015) Quiz Stats

 Plays Quiz Updated Jan 16, 2016

Challenge
Share
Tweet
Embed
Score 0/20 Timer 03:00
2 Plays Today
Song Name Missing Word % Correct
Thinking _____ LoudOut
98.5%
_____ Me Like You DoLove
91.8%
Shut Up and _____Dance
91.7%
_____ FunkUptown
90.9%
I'm Not the _____ OneOnly
88.1%
Blank _____Space
85.4%
Can't Feel My _____Face
83.6%
Take Me To _____Church
82.2%
Where Are Ü _____Now
80.4%
_____ Me (Whip/Nae Nae)Watch
75.8%
Song Name Missing Word % Correct
Good For _____You
75.6%
See You _____Again
74.7%
_____ Are Movin'Lips
73.7%
_____ BlingHotline
72%
_____ SongFight
61.7%
____ QueenTrap
60.2%
_____ MamaHey
57.7%
Honey, I'm _____Good
54.2%
_____ ItWorth
48.2%
Talking _____Body
45.5%

Today's Daily Dose

Missing Word
Entertainment 'L'

Word Ladder
Fingers

Quick Pick
When in Rome

On This Day
December 15th II

You're not logged in!

Compare scores with friends on all Sporcle quizzes.
OR
Log In

You Might Also Like...

Show Comments

Extras

Top Quizzes Today


Score Distribution

Your Account Isn't Verified!

In order to create a playlist on Sporcle, you need to verify the email address you used during registration. Go to your Sporcle Settings to finish the process.

Report this User

Report this user for behavior that violates our Community Guidelines.

Details: